[Event "GER CM01-C email"]
[Site "GER email"]
[Date "2014.09.25"]
[Round "?"]
[White "Dimitrov, Vassil"]
[Black "Zielasko, Andreas"]
[Result "1-0"]
[WhiteElo "2334"]
[BlackElo "2277"]
[PlyCount "65"]
[EventDate "2014.??.??"]
[EventType "tourn (corr)"]
[EventRounds "12"]
[EventCountry "GER"]
[SourceTitle "Corr 2017"]
[Source "ChessBase"]
[SourceDate "2017.09.19"]
[SourceVersion "1"]
[SourceVersionDate "2017.09.19"]
[SourceQuality "1"]

1. d4 d5 2. c4 c6 3. Nf3 Nf6 4. Nc3 e6 5. Bg5 h6 6. Bxf6 Qxf6 7. e3 Nd7 8. Bd3 dxc4 9. Bxc4 g6 10. 0-0 Bg7 11. Re1 0-0 12. e4 e5 13. d5 Rd8 14. a3 b5 15. Ba2 Nb6 16. Qe2 a6 17. dxc6 Qxc6 18. Nd5 Qd6 19. Qe3 Be6 20. Nxb6 Rab8 21. Nd5 Kh7 22. Rad1 Qf8 23. Nb4 Bxa2 24. Nxa2 a5 25. Rxd8 Qxd8 26. Nc3 Qb6 27. Nd5 Qxe3 28. Rxe3 Rc8 29. Rc3 Rxc3 30. Nxc3 b4 31. axb4 axb4 32. Nd5 f5 33. Nxb4 1-0

[Event "GER CM01-C email"]
[Site "GER email"]
[Date "2014.09.25"]
[Round "?"]
[White "Wenzel, Stefan"]
[Black "Dimitrov, Vassil"]
[Result "1/2-1/2"]
[WhiteElo "2259"]
[BlackElo "2334"]
[PlyCount "79"]
[EventDate "2014.??.??"]
[EventType "tourn (corr)"]
[EventRounds "12"]
[EventCountry "GER"]
[SourceTitle "Corr 2017"]
[Source "ChessBase"]
[SourceDate "2017.09.19"]
[SourceVersion "1"]
[SourceVersionDate "2017.09.19"]
[SourceQuality "1"]

1. e4 e5 2. Nf3 Nc6 3. Bb5 a6 4. Ba4 Nf6 5. 0-0 Be7 6. Re1 b5 7. Bb3 d6 8. c3 0-0 9. h3 Nb8 10. a4 Bb7 11. Bc2 Nbd7 12. d4 Re8 13. Bd3 Bf8 14. Nbd2 c6 15. b3 g6 16. Bb2 Qc7 17. Qc2 Bg7 18. c4 bxc4 19. Bxc4 exd4 20. Bxd4 c5 21. Rad1 Re7 22. Bc3 Rae8 23. Qb2 h6 24. Bf1 Qb8 25. Nc4 Re6 26. Nxd6 Rxd6 27. Rxd6 Qxd6 28. e5 Qc6 29. exf6 Rxe1 30. Nxe1 Bxf6 31. Bxf6 Qxf6 32. Qd2 Qe7 33. Nd3 Kg7 34. Nb2 Ne5 35. Qc3 Kh7 36. Qe3 Qf6 37. Nc4 Nxc4 38. Bxc4 Qa1+ 39. Kh2 Qf6 40. Qg3 1/2-1/2